Library Banner

Ten Cate's oral histology : (Record no. 139876)

MARC details
000 -LEADER
fixed length control field 00525nam a22001817a 4500
005 - DATE AND TIME OF LATEST TRANSACTION
control field 20260225104754.0
008 - FIXED-LENGTH DATA ELEMENTS--GENERAL INFORMATION
fixed length control field 260225b |||||||| |||| 00| 0 eng d
020 ## - INTERNATIONAL STANDARD BOOK NUMBER
International Standard Book Number 9780323798952 (pbk)
040 ## - CATALOGING SOURCE
Transcribing agency PK-LaUMT
082 ## - DEWEY DECIMAL CLASSIFICATION NUMBER
Classification number 611.31
Item number NAN-T
100 ## - MAIN ENTRY--PERSONAL NAME
Personal name Nanci, Antonio
245 ## - TITLE STATEMENT
Title Ten Cate's oral histology :
Remainder of title development, structure and function /
Statement of responsibility, etc by Antonio Nanci
250 ## - EDITION STATEMENT
Edition statement 10th ed.
260 ## - PUBLICATION, DISTRIBUTION, ETC. (IMPRINT)
Place of publication, distribution, etc India :
Name of publisher, distributor, etc Elsevier,
Date of publication, distribution, etc 2025
300 ## - PHYSICAL DESCRIPTION
Extent 334 p.
650 ## - SUBJECT ADDED ENTRY--TOPICAL TERM
Topical term or geographic name as entry element Teeth and mouth histology
942 ## - ADDED ENTRY ELEMENTS (KOHA)
Koha item type Books
Holdings
Withdrawn status Lost status Damaged status Home library Current library Date acquired Full call number Barcode Date last seen Price effective from Koha item type Copy number
      UMT Health Sciences Campus UMT Health Sciences Campus 2026-02-25 611.31 NAN-T 152022 2026-02-25 2026-02-25 Books  
      UMT Health Sciences Campus UMT Health Sciences Campus 2026-03-05 611.31 NAN-T 152150 2026-03-05 2026-03-05 Books C.2